[Event "DVM U16 2016"]
[Site "Neumarkt in der Oberpfalz GER"]
[Date "2016.12.30"]
[Round "7"]
[White "Neumann, Theodor"]
[Black "Neppert, Paul"]
[Result "1-0"]
[Termination "normal"]
[Board "3.2"]
[WhiteElo "1739"]
[BlackElo "1511"]
[WhiteTeam "Gütersloher SV"]
[BlackTeam "SK Neumarkt"]
[PlyCount "103"]
[WhiteFideId "16200799"]
[BlackFideId "16219414"]
[EventCountry "GER"]
[EventRounds "7"]
[EventType "team-swiss"]
[EventDate "2016.12.26"]

1. d4 d5 2. Nf3 Nf6 3. e3 Bf5 4. c4 dxc4 5. Bxc4 e6 6. Qb3 Be4 7. Nc3 Bc6 8.
Bd2 a6 9. Ne5 b5 10. Nxc6 Nxc6 11. Be2 Rb8 12. f3 Bd6 13. O-O O-O 14. Be1 Na5
15. Qc2 c5 16. Bf2 cxd4 17. exd4 Qc7 18. Rac1 Bxh2+ 19. Kh1 Bf4 20. Ne4 Nxe4
21. fxe4 Qe7 22. Rcd1 Rbc8 23. Qd3 Nc4 24. Qf3 Bh6 25. Bxc4 Rxc4 26. d5 Qd6 27.
Bg3 e5 28. Qh5 Rxe4 29. Qf3 Re3 30. Qg4 f5 31. Qh4 g5 32. Qh2 Bg7 33. Be1 Rf6
34. Bd2 Rd3 35. Bxg5 Rxd1 36. Rxd1 Rg6 37. Qh4 Bf6 38. Bxf6 Rxf6 39. Qg5+ Kf7
40. Qe3 Rh6+ 41. Kg1 Rf6 42. Qh3 h6 43. Qe3 Ke7 44. Qa7+ Qd7 45. Qa8 Rd6 46.
Qg8 Qe8 47. Qg7+ Kd8 48. Rc1 Rd7 49. Qf6+ Qe7 50. Qh8+ Qe8 51. Rc8+ Kxc8 52.
Qxe8+ 1-0

[Event "DVM U16 2016"]
[Site "Neumarkt in der Oberpfalz GER"]
[Date "2016.12.30"]
[Round "7"]
[White "Schilay, Eva"]
[Black "Fortenbacher, Dominic"]
[Result "1/2-1/2"]
[Termination "normal"]
[Board "3.3"]
[WhiteElo "1595"]
[BlackElo "1579"]
[WhiteTeam "SK Neumarkt"]
[BlackTeam "Gütersloher SV"]
[PlyCount "94"]
[WhiteFideId "12930164"]
[BlackFideId "16200780"]
[EventCountry "GER"]
[EventRounds "7"]
[EventType "team-swiss"]
[EventDate "2016.12.26"]

1. Nc3 d5 2. e4 d4 3. Nce2 c5 4. Ng3 e5 5. Bc4 Nf6 6. Nf3 Bd6 7. d3 h6 8. a3
Nc6 9. h3 Ne7 10. Nh4 Bd7 11. Bd2 Qc7 12. Nh5 Nxh5 13. Qxh5 g6 14. Qf3 O-O-O
15. Qe2 f5 16. exf5 gxf5 17. O-O-O b5 18. Bb3 a5 19. Qe1 b4 20. g3 a4 21. Bc4
Qb7 22. f4 exf4 23. Bxf4 Bxf4+ 24. gxf4 Bc6 25. Rg1 Rh7 26. Be6+ Bd7 27. Qe5
Bxe6 28. Qxe6+ Qd7 29. Rde1 bxa3 30. bxa3 Rf8 31. Re5 Qxe6 32. Rxe6 Kb7 33. Kd2
Nd5 34. Rgg6 Nxf4 35. Rb6+ Kc7 36. Rxh6 Rxh6 37. Rxh6 Nxh3 38. Nxf5 Rxf5 39.
Rxh3 Rf2+ 40. Kc1 Rf1+ 41. Kb2 Kb6 42. Rh6+ Kb5 43. Rg6 Rf5 44. Rd6 Rh5 45. Ka2
Rh2 46. Kb1 Rh5 47. Kb2 Rg5  1/2-1/2

[Event "DVM U16 2016"]
[Site "Neumarkt in der Oberpfalz GER"]
[Date "2016.12.30"]
[Round "7"]
[White "Ovsepyan, Arshak"]
[Black "Färber, David"]
[Result "0-1"]
[Termination "normal"]
[Board "4.1"]
[WhiteElo "2205"]
[BlackElo "2159"]
[WhiteTeam "SK Gräfelfing"]
[BlackTeam "SV Walldorf"]
[PlyCount "88"]
[WhiteFideId "24690236"]
[BlackFideId "12971294"]
[EventCountry "GER"]
[EventRounds "7"]
[EventType "team-swiss"]
[EventDate "2016.12.26"]

1. e4 c5 2. b3 b6 3. Bb2 Bb7 4. d3 e6 5. f4 d5 6. Nd2 Nf6 7. e5 Nfd7 8. Ngf3
Be7 9. g3 Nc6 10. Bg2 Qc7 11. O-O O-O 12. Qe2 Rfd8 13. f5 exf5 14. e6 fxe6 15.
Qxe6+ Kh8 16. Qxd5 Rf8 17. Qe6 Rae8 18. Rae1 Qd8 19. Qc4 Qc7 20. Nh4 Nce5 21.
Qf4 Bxh4 22. Qxh4 Bxg2 23. Kxg2 Ng6 24. Qg5 f4 25. Rxe8 Rxe8 26. Ne4 Rf8 27. h4
f3+ 28. Rxf3 Rxf3 29. Kxf3 Nde5+ 30. Kg2 h6 31. Qe3 Nf7 32. Qf3 Qd7 33. Nf6 Qe7
34. Nh5 Nfe5 35. Qf5 a6 36. Bxe5 Nxe5 37. Nf4 Kg8 38. Qc8+ Kh7 39. Qxa6 g5 40.
hxg5 hxg5 41. Nh3 Ng4 42. Ng1 Ne3+ 43. Kh1 Qf7 44. Qa8 Qh5+  0-1

[Event "DVM U16 2016"]
[Site "Neumarkt in der Oberpfalz GER"]
[Date "2016.12.30"]
[Round "7"]
[White "Hartmann, Cora"]
[Black "von Schlippe, Nikolai"]
[Result "1/2-1/2"]
[Termination "normal"]
[Board "4.2"]
[WhiteElo "1856"]
[BlackElo "2114"]
[WhiteTeam "SV Walldorf"]
[BlackTeam "SK Gräfelfing"]
[PlyCount "85"]
[WhiteFideId "16200764"]
[BlackFideId "12928135"]
[EventCountry "GER"]
[EventRounds "7"]
[EventType "team-swiss"]
[EventDate "2016.12.26"]

1. e4 c5 2. Nf3 d6 3. Bb5+ Bd7 4. Bxd7+ Qxd7 5. c4 Nc6 6. d4 cxd4 7. Nxd4 Nf6
8. Nc3 g6 9. f3 Bg7 10. Be3 O-O 11. O-O Rfc8 12. b3 Ne8 13. Qd3 Nc7 14. Rad1
Ne6 15. Nxe6 Qxe6 16. Rc1 Ne5 17. Qd5 Qxd5 18. Nxd5 Kf8 19. Rfd1 Nc6 20. Rd2
Nd8 21. Bg5 Nc6 22. Rdc2 Bd4+ 23. Kf1 f6 24. Be3 Kf7 25. Bxd4 Nxd4 26. Rd2 e5
27. Nc3 Rc6 28. Ne2 Nxe2 29. Kxe2 Ke6 30. Rcd1 a5 31. a4 Raa6 32. Rd5 Rab6 33.
R5d3 Rb4 34. Kd2 f5 35. Kc2 b5 36. axb5 Rxb5 37. Rd5 Rbc5 38. Ra1 Ra6 39. Kd3
Rb6 40. Kc3 Ra6 41. Kd3 Rb6 42. Kc3 Ra6 43. Kd3  1/2-1/2

[Event "DVM U16 2016"]
[Site "Neumarkt in der Oberpfalz GER"]
[Date "2016.12.30"]
[Round "7"]
[White "Longo, Massimo"]
[Black "Baureis, Julian"]
[Result "0-1"]
[Termination "normal"]
[Board "4.3"]
[WhiteElo "1919"]
[BlackElo "1606"]
[WhiteTeam "SK Gräfelfing"]
[BlackTeam "SV Walldorf"]
[PlyCount "64"]
[WhiteFideId "16205227"]
[BlackFideId "12991112"]
[EventCountry "GER"]
[EventRounds "7"]
[EventType "team-swiss"]
[EventDate "2016.12.26"]

1. d4 Nf6 2. Nf3 d5 3. e3 e6 4. Bd3 Be7 5. O-O b6 6. Ne5 O-O 7. Nd2 Bb7 8. f4
c5 9. b3 Ne4 10. Nxe4 dxe4 11. Bc4 Bd5 12. Be2 f6 13. Ng4 Qc7 14. c4 Bb7 15.
Bb2 Rd8 16. Qc2 Nc6 17. Rfd1 Rd7 18. d5 exd5 19. cxd5 Nb4 20. Qxe4 Bxd5 21. Qf5
Rad8 22. a3 Nc6 23. Bd3 Bxb3 24. Qxh7+ Kf8 25. Rd2 Bg8 26. Qf5 Rd5 27. Be5 Qd7
28. Qxd7 R8xd7 29. Be4 Rxd2 30. Bxc6 Rd1+ 31. Kf2 fxe5 32. Bxd7 Rxa1  0-1

[Event "DVM U16 2016"]
[Site "Neumarkt in der Oberpfalz GER"]
[Date "2016.12.30"]
[Round "7"]
[White "Brede, Robert"]
[Black "Yaroshenko, Yaroslav"]
[Result "0-1"]
[Termination "normal"]
[Board "4.4"]
[WhiteElo "1471"]
[BlackElo "1684"]
[WhiteTeam "SV Walldorf"]
[BlackTeam "SK Gräfelfing"]
[PlyCount "62"]
[WhiteFideId "12971405"]
[BlackFideId "16204905"]
[EventCountry "GER"]
[EventRounds "7"]
[EventType "team-swiss"]
[EventDate "2016.12.26"]

1. c4 g6 2. Nc3 Bg7 3. g3 d6 4. Bg2 e5 5. Nf3 Nc6 6. O-O f5 7. d3 Nge7 8. Bg5
O-O 9. Qc1 Bd7 10. Rb1 Rf7 11. Bh6 Qc8 12. Bxg7 Kxg7 13. b4 f4 14. Ng5 Rf5 15.
Nge4 Rh5 16. h4 Bh3 17. Ng5 Bxg2 18. Kxg2 h6 19. Nf3 g5 20. Rh1 g4 21. Nh2 Qf5
22. Qd2 Rf8 23. Rhf1 Ng6 24. Ne4 f3+ 25. Kg1 Nd4 26. Rbe1 Nxh4 27. gxh4 Rxh4
28. Ng3 Qf6 29. Kh1 Rxh2+ 30. Kxh2 Qh4+ 31. Kg1 Qh3  0-1

[Event "DVM U16 2016"]
[Site "Neumarkt in der Oberpfalz GER"]
[Date "2016.12.30"]
[Round "7"]
[White "Schnabel, Bennett"]
[Black "Joeres, Stefan"]
[Result "0-1"]
[Termination "normal"]
[Board "5.1"]
[WhiteElo "2043"]
[BlackElo "1918"]
[WhiteTeam "SV Mattnetz Berlin"]
[BlackTeam "Karlsruher SF"]
[PlyCount "98"]
[WhiteFideId "12943290"]
[BlackFideId "12983160"]
[EventCountry "GER"]
[EventRounds "7"]
[EventType "team-swiss"]
[EventDate "2016.12.26"]

1. e4 c5 2. c3 d5 3. exd5 Qxd5 4. d4 Nf6 5. Nf3 Bg4 6. dxc5 Qxd1+ 7. Kxd1 e6 8.
b4 Nc6 9. Bb5 Be7 10. Kc2 O-O 11. Bxc6 bxc6 12. Nd4 Rfc8 13. Nd2 e5 14. N4f3
Bf5+ 15. Kb3 Ng4 16. Nc4 Nxf2 17. Rf1 Nd3 18. Ncxe5 Nxe5 19. Nxe5 Be4 20. g3 a5
21. Nd7 Rd8 22. Nb6 Ra7 23. Bb2 Rd2 24. Rac1 Rxh2 25. a4 Rb7 26. Rfd1 h5 27.
Rd4 f5 28. Ba3 axb4 29. cxb4 Rg2 30. Rdc4 Rxg3+ 31. R4c3 Rxc3+ 32. Rxc3 h4 33.
b5 cxb5 34. axb5 Bd8 35. Ka4 Bxb6 36. cxb6 Rxb6 37. Ka5 Rb7 38. Ka6 Kh7 39. Rc4
Rb8 40. Bc5 g5 41. Ba7 Re8 42. Rc7+ Kg6 43. b6 h3 44. b7 h2 45. b8=N h1=Q 46.
Nd7 Qa1+ 47. Kb6 Re6+ 48. Kc5 Qc3+ 49. Kb5 Bd3+  0-1

[Event "DVM U16 2016"]
[Site "Neumarkt in der Oberpfalz GER"]
[Date "2016.12.30"]
[Round "7"]
[White "Wiesner, Alexander"]
[Black "Hesse, Henrik"]
[Result "0-1"]
[Termination "normal"]
[Board "5.2"]
[WhiteElo "1989"]
[BlackElo "1932"]
[WhiteTeam "Karlsruher SF"]
[BlackTeam "SV Mattnetz Berlin"]
[PlyCount "204"]
[WhiteFideId "12943991"]
[BlackFideId "12952060"]
[EventCountry "GER"]
[EventRounds "7"]
[EventType "team-swiss"]
[EventDate "2016.12.26"]

1. c4 Nf6 2. d4 e6 3. Nc3 Bb4 4. e3 Bxc3+ 5. bxc3 O-O 6. Bd3 d5 7. cxd5 exd5 8.
c4 c5 9. Ne2 dxc4 10. Bxc4 b5 11. Bd3 c4 12. Bc2 Bb7 13. O-O a5 14. a3 b4 15.
axb4 axb4 16. Rxa8 Bxa8 17. f3 Bb7 18. e4 Qa5 19. Bb1 Ba6 20. Qc2 g6 21. f4 c3
22. Ba2 Nxe4 23. Bxf7+ Rxf7 24. Qxe4 Qf5 25. Qa8 Qb5 26. Rf3 Qb7 27. Qxb7 Rxb7
28. Nxc3 bxc3 29. Rxc3 Rd7 30. Be3 Bb7 31. g4 Nc6 32. Rc4 Ne7 33. Kf2 Kf7 34.
Kg3 Nd5 35. Bc1 Rc7 36. Rxc7+ Nxc7 37. f5 gxf5 38. gxf5 Kf6 39. Kg4 Nb5 40.
Bg5+ Kf7 41. Be3 Bc8 42. d5 Nd6 43. Bc5 Nxf5 44. Kf4 Ne7 45. Ke5 Bb7 46. d6
Nc6+ 47. Kf5 Ke8 48. Kf6 Nd8 49. Ba3 Kd7 50. Kg7 Be4 51. Kf6 Bg6 52. Bb4 Nf7
53. Ba3 Nxd6 54. Kg5 Ke6 55. Bb4 Ke5 56. Kg4 Nf7 57. Ba5 Ke4 58. Kg3 h5 59. Bc7
Nh6 60. Bd8 Nf5+ 61. Kf2 Kf4 62. Bc7+ Kg4 63. Kg2 Nh4+ 64. Kf2 Kh3 65. Ke3 Be8
66. Kf2 Bc6 67. Bd8 Nf3 68. Ke3 Kxh2 69. Kf4 Kg2 70. Bf6 h4 71. Bxh4 Nxh4 72.
Ke5 Kf3 73. Kd4 Kf4 74. Kd3 Nf5 75. Kc4 Ke4 76. Kc3 Ne3 77. Kd2 Bb5 78. Kc3 Bd3
79. Kb2 Kd4 80. Kb3 Bc4+ 81. Kb2 Kd3 82. Kb1 Kc3 83. Ka1 Nc2+ 84. Kb1 Be6 85.
Kc1 Ba2 86. Kd1 Nd4 87. Ke1 Kd3 88. Kf2 Ne2 89. Kf3 Be6 90. Kf2 Bg4 91. Ke1 Ke3
92. Kd1 Bf5 93. Ke1 Bc2 94. Kf1 Nf4 95. Ke1 Ng2+ 96. Kf1 Kf3 97. Kg1 Kg3 98.
Kf1 Bd3+ 99. Kg1 Nf4 100. Kh1 Bc4 101. Kg1 Nh3+ 102. Kh1 Bd5#  0-1

[Event "DVM U16 2016"]
[Site "Neumarkt in der Oberpfalz GER"]
[Date "2016.12.30"]
[Round "7"]
[White "Acikel, Mert"]
[Black "Wegmer, Leon"]
[Result "0-1"]
[Termination "normal"]
[Board "5.3"]
[WhiteElo "1902"]
[BlackElo "1511"]
[WhiteTeam "SV Mattnetz Berlin"]
[BlackTeam "Karlsruher SF"]
[PlyCount "108"]
[WhiteFideId "12956465"]
[BlackFideId "12983748"]
[EventCountry "GER"]
[EventRounds "7"]
[EventType "team-swiss"]
[EventDate "2016.12.26"]

1. e4 c6 2. d4 d5 3. Nc3 dxe4 4. Nxe4 Nf6 5. Ng5 h6 6. N5f3 Bf5 7. Bd3 Bxd3 8.
Qxd3 e6 9. Ne5 Qa5+ 10. Bd2 Qa6 11. Ngf3 Qxd3 12. Nxd3 Nbd7 13. O-O-O c5 14.
dxc5 Nxc5 15. Nde5 Be7 16. Be3 O-O 17. h4 Nd5 18. Bd4 Nf4 19. Be3 Nd5 20. Bd4
Nf4 21. Kb1 Rad8 22. c4 f6 23. g3 fxe5 24. Nxe5 Kh7 25. gxf4 Rxf4 26. Be3 Rxd1+
27. Rxd1 Rxh4 28. b4 Na4 29. Rd7 Bf6 30. Bd4 Re4 31. Nf3 Rf4 32. Bxf6 Rxf6 33.
Rd3 Nb6 34. c5 Nd5 35. a3 g5 36. Nd4 Nf4 37. Re3 h5 38. Nb5 a6 39. Nd6 h4 40.
Nxb7 h3 41. Re1 Rf7 42. Nd6 Rf8 43. c6 Nd5 44. Rxe6 Rxf2 45. Ne4 Rg2 46. Nxg5+
Rxg5 47. c7 Nxc7 48. Re7+ Kg8 49. Rxc7 h2 50. Rc8+ Kg7 51. Rc7+ Kh6 52. Rc6+
Rg6 53. Rc1 Rg1 54. Rxg1 hxg1=Q+  0-1

[Event "DVM U16 2016"]
[Site "Neumarkt in der Oberpfalz GER"]
[Date "2016.12.30"]
[Round "7"]
[White "Kokschenev, Michael"]
[Black "Petersen, Marcel"]
[Result "1/2-1/2"]
[Termination "normal"]
[Board "5.4"]
[WhiteElo "1363"]
[BlackElo "1638"]
[WhiteTeam "Karlsruher SF"]
[BlackTeam "SV Mattnetz Berlin"]
[PlyCount "154"]
[WhiteFideId "12983721"]
[BlackFideId "12935670"]
[EventCountry "GER"]
[EventRounds "7"]
[EventType "team-swiss"]
[EventDate "2016.12.26"]

1. e4 e5 2. Nf3 Nc6 3. Bc4 Bc5 4. c3 Nf6 5. d4 exd4 6. cxd4 Bb4+ 7. Bd2 Bxd2+
8. Nbxd2 d5 9. exd5 Nxd5 10. O-O O-O 11. Re1 Be6 12. h3 Re8 13. Nb3 Qf6 14. Nc5
Na5 15. Bxd5 Bxd5 16. Rxe8+ Rxe8 17. Qa4 Nc6 18. Ne5 Re7 19. Nxc6 Bxc6 20. Qxa7
Qxd4 21. Qa3 Qd5 22. f3 Qd4+ 23. Kh1 b6 24. Nd3 Re3 25. Re1 Rxe1+ 26. Nxe1 Qd2
27. Qc3 Qxc3 28. bxc3 f6 29. Kg1 Kf7 30. Kf2 Ke6 31. Ke3 Bd5 32. a3 c5 33. f4
b5 34. g3 Kd6 35. Kd2 Be4 36. h4 f5 37. Nc2 Bxc2 38. Kxc2 Kd5 39. Kd3 g6 40.
c4+ Kc6 41. cxb5+ Kxb5 42. Kc3 Ka4 43. Kc4 Kxa3 44. Kxc5 Kb3 45. Kd4 Kc2 46.
Ke5 Kd3 47. Kf6 Ke3 48. Kg7 Kf3 49. Kxh7 Kxg3 50. Kxg6 Kxf4 51. h5 Kg4 52. h6
f4 53. h7 f3 54. h8=Q f2 55. Qd4+ Kg3 56. Qe5+ Kg2 57. Qe2 Kg1 58. Qg4+ Kh1 59.
Qf3+ Kg1 60. Qe3 Kg2 61. Qg5+ Kh1 62. Qh4+ Kg1 63. Qg3+ Kh1 64. Qf3+ Kg1 65.
Qe3 Kh1 66. Qc1+ Kg2 67. Qd2 Kh1 68. Qd1+ Kg2 69. Qe2 Kg1 70. Qg4+ Kh1 71. Qe4+
Kg1 72. Qb1+ Kg2 73. Qc2 Kg1 74. Qc5 Kg2 75. Qc2 Kg1 76. Qc5 Kg2 77. Qc2 Kg1
1/2-1/2

[Event "DVM U16 2016"]
[Site "Neumarkt in der Oberpfalz GER"]
[Date "2016.12.30"]
[Round "7"]
[White "Kasüschke, Lars"]
[Black "Silber, Kevin"]
[Result "0-1"]
[Termination "normal"]
[Board "6.1"]
[WhiteElo "1900"]
[BlackElo "2053"]
[WhiteTeam "SG Schwäbisch Gmünd"]
[BlackTeam "Delmenhorster SK"]
[PlyCount "82"]
[WhiteFideId "12939510"]
[BlackFideId "12930440"]
[EventCountry "GER"]
[EventRounds "7"]
[EventType "team-swiss"]
[EventDate "2016.12.26"]

1. e4 e5 2. Nf3 Nc6 3. Bb5 a6 4. Ba4 Nf6 5. O-O Be7 6. Re1 b5 7. Bb3 O-O 8. a4
b4 9. c3 d6 10. h3 Rb8 11. d4 Nd7 12. Nbd2 Bf6 13. Nc4 bxc3 14. bxc3 exd4 15.
cxd4 Nxd4 16. Nxd4 Bxd4 17. Qxd4 Rxb3 18. Na5 Rb6 19. Bb2 Qg5 20. Nc4 Rb3 21.
Nd2 Ne5 22. f4 Qg3 23. fxe5 c5 24. Qf2 Qxf2+ 25. Kxf2 Rxb2 26. Re2 dxe5 27. Nc4
Rxe2+ 28. Kxe2 f6 29. Rc1 Rd8 30. Ke3 Rd4 31. a5 Bd7 32. Nb2 Bc6 33. Rxc5 Rxe4+
34. Kf2 Bb5 35. Kg1 Rb4 36. Rc2 Rf4 37. Kh2 Kf7 38. Rc7+ Kg6 39. Rc3 Rd4 40.
Rg3+ Kh6 41. Kg1 Rb4  0-1

[Event "DVM U16 2016"]
[Site "Neumarkt in der Oberpfalz GER"]
[Date "2016.12.30"]
[Round "7"]
[White "Sinnhöfer, Jonas"]
[Black "Reindl, Arno"]
[Result "1/2-1/2"]
[Termination "normal"]
[Board "6.2"]
[WhiteElo "1905"]
[BlackElo "1854"]
[WhiteTeam "Delmenhorster SK"]
[BlackTeam "SG Schwäbisch Gmünd"]
[PlyCount "76"]
[WhiteFideId "12982938"]
[BlackFideId "12946729"]
[EventCountry "GER"]
[EventRounds "7"]
[EventType "team-swiss"]
[EventDate "2016.12.26"]

1. e4 c5 2. c4 Nc6 3. Ne2 g6 4. d4 cxd4 5. Nxd4 Bg7 6. Be3 d6 7. Be2 Nf6 8. Nc3
O-O 9. O-O Bd7 10. f3 Rc8 11. Rc1 Ne5 12. Qb3 Nc6 13. Rfd1 Na5 14. Qb4 Nc6 15.
Qa3 a6 16. Nd5 Nxd5 17. Nxc6 bxc6 18. cxd5 cxd5 19. Rxc8 Qxc8 20. Rxd5 Be6 21.
Rd2 Qc1+ 22. Kf2 Bc4 23. Rd1 Qc2 24. Rd2 Qc1 25. Qa4 Bxe2 26. Rxe2 Qc8 27. Rc2
Qb7 28. b3 Rc8 29. Rc4 Rxc4 30. Qxc4 Kf8 31. Ke2 Ke8 32. Kd3 e6 33. Bg5 Kd7 34.
Qa4+ Qc6 35. Qc4 Be5 36. g3 Bg7 37. Be3 Bf6 38. Bd4 Be7  1/2-1/2

[Event "DVM U16 2016"]
[Site "Neumarkt in der Oberpfalz GER"]
[Date "2016.12.30"]
[Round "7"]
[White "Reindl, Knut"]
[Black "Petri, Ben-Luca"]
[Result "1/2-1/2"]
[Termination "normal"]
[Board "6.3"]
[WhiteElo "1823"]
[BlackElo "1709"]
[WhiteTeam "SG Schwäbisch Gmünd"]
[BlackTeam "Delmenhorster SK"]
[PlyCount "72"]
[WhiteFideId "12946753"]
[BlackFideId "12947261"]
[EventCountry "GER"]
[EventRounds "7"]
[EventType "team-swiss"]
[EventDate "2016.12.26"]

1. c4 Nf6 2. Nf3 g6 3. Nc3 Bg7 4. g3 O-O 5. Bg2 c5 6. O-O Nc6 7. a3 d6 8. Rb1
Bd7 9. d3 Ne8 10. Bd2 Nc7 11. b4 Rb8 12. Qc1 Ne6 13. Bh6 Ncd4 14. Bxg7 Nxf3+
15. Bxf3 Kxg7 16. b5 Nd4 17. Bg2 Qc8 18. e3 Nf5 19. a4 Nh6 20. Qb2 f6 21. b6 a6
22. a5 Bh3 23. Nd5 Bxg2 24. Kxg2 Qc6 25. e4 e5 26. f4 Ng8 27. Rf2 Qd7 28. Rbf1
Rbe8 29. f5 g5 30. Qe2 Kh8 31. h4 gxh4 32. gxh4 Nh6 33. Kh1 Qf7 34. Rg2 Rg8 35.
Rfg1 Rxg2 36. Rxg2 Rg8  1/2-1/2

[Event "DVM U16 2016"]
[Site "Neumarkt in der Oberpfalz GER"]
[Date "2016.12.30"]
[Round "7"]
[White "Amler, Nick"]
[Black "Reindl, Jork"]
[Result "1-0"]
[Termination "normal"]
[Board "6.4"]
[WhiteElo "1758"]
[BlackElo "1472"]
[WhiteTeam "Delmenhorster SK"]
[BlackTeam "SG Schwäbisch Gmünd"]
[PlyCount "69"]
[WhiteFideId "12930539"]
[BlackFideId "16200152"]
[EventCountry "GER"]
[EventRounds "7"]
[EventType "team-swiss"]
[EventDate "2016.12.26"]

1. e3 d5 2. d4 Nf6 3. c4 dxc4 4. Bxc4 e6 5. Nc3 Bb4 6. Qa4+ Nc6 7. Bd2 Bxc3 8.
bxc3 Bd7 9. Qc2 O-O 10. Nf3 h6 11. e4 Ne7 12. Bd3 Kh8 13. Ne5 Ne8 14. f4 Nc6
15. Nf3 f5 16. O-O Nd6 17. exf5 exf5 18. Ne5 Nxe5 19. fxe5 Ne4 20. Bxe4 fxe4
21. Qxe4 Bc6 22. Rxf8+ Qxf8 23. Qd3 Qe7 24. c4 Bd7 25. Re1 Rd8 26. Qb3 Bc8 27.
Bb4 Qe8 28. d5 b6 29. e6 a5 30. Ba3 a4 31. Qf3 Ba6 32. e7 Rc8 33. Qg4 b5 34.
Bb2 Qg8 35. e8=Q  1-0

[Event "DVM U16 2016"]
[Site "Neumarkt in der Oberpfalz GER"]
[Date "2016.12.30"]
[Round "7"]
[White "Wendler, David"]
[Black "Linnert, Niklas"]
[Result "1-0"]
[Termination "normal"]
[Board "7.1"]
[WhiteElo "1962"]
[BlackElo "1806"]
[WhiteTeam "SK Bebenhausen"]
[BlackTeam "SK König Plauen"]
[PlyCount "89"]
[WhiteFideId "12938360"]
[BlackFideId "12974781"]
[EventCountry "GER"]
[EventRounds "7"]
[EventType "team-swiss"]
[EventDate "2016.12.26"]

1. e4 c5 2. Nf3 Nc6 3. c3 Nf6 4. e5 Nd5 5. d4 cxd4 6. Bc4 e6 7. cxd4 d6 8. O-O
Be7 9. Qe2 O-O 10. Qe4 Ndb4 11. Qg4 Re8 12. Nc3 Qc7 13. Bh6 g6 14. Nb5 Qd8 15.
Qf4 dxe5 16. dxe5 Nd5 17. Qg3 Bf8 18. Bxf8 Rxf8 19. Rad1 Nce7 20. Nd6 Qb6 21.
Qh4 Kg7 22. Ng5 h6 23. Ngxf7 Rxf7 24. Nxf7 Kxf7 25. Qxh6 Qc7 26. Qh7+ Ke8 27.
Qh8+ Kf7 28. Bb5 Bd7 29. Qh7+ Kf8 30. Bd3 Qxe5 31. Bxg6 Qg7 32. Qxg7+ Kxg7 33.
Be4 Bc6 34. Rfe1 Kf6 35. f3 Rh8 36. h3 Rg8 37. Rd2 Nf4 38. Bxc6 Nxc6 39. Kh2
Ne5 40. Re4 Nfg6 41. f4 Nc6 42. g4 e5 43. Rd6+ Ke7 44. fxe5 Ngxe5 45. Rxc6  1-0

[Event "DVM U16 2016"]
[Site "Neumarkt in der Oberpfalz GER"]
[Date "2016.12.30"]
[Round "7"]
[White "Burian, Simon"]
[Black "Freiherr von Hauff, Christopher"]
[Result "0-1"]
[Termination "normal"]
[Board "7.2"]
[WhiteElo "1827"]
[BlackElo "1793"]
[WhiteTeam "SK König Plauen"]
[BlackTeam "SK Bebenhausen"]
[PlyCount "74"]
[WhiteFideId "12956902"]
[BlackFideId "16200691"]
[EventCountry "GER"]
[EventRounds "7"]
[EventType "team-swiss"]
[EventDate "2016.12.26"]

1. e4 e5 2. Nf3 Nc6 3. Bc4 Nf6 4. d3 Be7 5. c3 d6 6. Bb3 O-O 7. O-O Kh8 8. Nbd2
Ng8 9. Nc4 f5 10. exf5 Bxf5 11. h3 Nf6 12. Re1 e4 13. dxe4 Bxe4 14. Ng5 Bd5 15.
Ne3 Ne8 16. Ne6 Bxe6 17. Bxe6 Bh4 18. g3 Bg5 19. h4 Bh6 20. b3 Ne5 21. Bd5 Qf6
22. f4 Bxf4 23. gxf4 Qxf4 24. Qe2 Qg3+ 25. Qg2 Qxe1+ 26. Nf1 Qxc3 27. Bb2 Qc5+
28. Kh1 Rf2 29. Ba3 Rxg2 30. Bxc5 Rg4 31. Bf2 c6 32. Bg2 Nc7 33. Bh3 Rg6 34.
Rd1 Nd5 35. Ng3 Rf8 36. Rf1 Nd3 37. Kg1 Nxf2  0-1

[Event "DVM U16 2016"]
[Site "Neumarkt in der Oberpfalz GER"]
[Date "2016.12.30"]
[Round "7"]
[White "Grimm, Ling Leander"]
[Black "Graf, Lucas"]
[Result "1-0"]
[Termination "normal"]
[Board "7.3"]
[WhiteElo "1703"]
[BlackElo "1716"]
[WhiteTeam "SK Bebenhausen"]
[BlackTeam "SK König Plauen"]
[PlyCount "57"]
[WhiteFideId "12968277"]
[BlackFideId "12974889"]
[EventCountry "GER"]
[EventRounds "7"]
[EventType "team-swiss"]
[EventDate "2016.12.26"]

1. e4 c5 2. Nf3 e6 3. c3 Nf6 4. e5 Nd5 5. d4 cxd4 6. cxd4 Nc6 7. Bc4 d6 8. O-O
Be7 9. Qe2 O-O 10. Qe4 Ndb4 11. Qg4 Re8 12. Nc3 dxe5 13. dxe5 Qc7 14. Nb5 Qb8
15. Bf4 Nd5 16. Bh6 Bf8 17. Rfe1 Nde7 18. Bd3 Ng6 19. Bxg6 hxg6 20. Bf4 a6 21.
Nc3 b5 22. Ne4 Qb6 23. Nfg5 Be7 24. Qh4 Bxg5 25. Nxg5 Ne7 26. Red1 Rd8 27. Qh7+
Kf8 28. Qh8+ Ng8 29. Nh7+  1-0

[Event "DVM U16 2016"]
[Site "Neumarkt in der Oberpfalz GER"]
[Date "2016.12.30"]
[Round "7"]
[White "Hörkner, Nico"]
[Black "Greitmann, Niklas"]
[Result "1-0"]
[Termination "normal"]
[Board "7.4"]
[WhiteElo "1622"]
[BlackElo "1435"]
[WhiteTeam "SK König Plauen"]
[BlackTeam "SK Bebenhausen"]
[PlyCount "69"]
[WhiteFideId "12974900"]
[BlackFideId "16200705"]
[EventCountry "GER"]
[EventRounds "7"]
[EventType "team-swiss"]
[EventDate "2016.12.26"]

1. d4 Nf6 2. Nf3 e6 3. e3 b6 4. Bd3 Bb7 5. Nbd2 c5 6. b3 Be7 7. Bb2 d6 8. O-O
O-O 9. Qe2 Nc6 10. a3 Qc7 11. c4 d5 12. Ne5 Bd6 13. f4 Ne7 14. Rac1 Qd8 15. Rf2
Ne4 16. Bxe4 dxe4 17. Qg4 Qc8 18. dxc5 Bxe5 19. Bxe5 f6 20. Bd6 Qd7 21. Rd1
Rfd8 22. Bxe7 Qxe7 23. cxb6 axb6 24. a4 f5 25. Qe2 Rd7 26. Nf1 Rc7 27. Qd2 Bc6
28. Qd6 Qf7 29. Rfd2 Rb8 30. Qe5 Rcc8 31. Rd6 g6 32. Rxc6 Rxc6 33. Qxb8+ Kg7
34. Qe5+ Kf8 35. Qh8+  1-0

[Event "DVM U16 2016"]
[Site "Neumarkt in der Oberpfalz GER"]
[Date "2016.12.30"]
[Round "7"]
[White "Laubrock, Paul"]
[Black "Ortmeier, Leonhard"]
[Result "0-1"]
[Termination "normal"]
[Board "8.1"]
[WhiteElo "1931"]
[BlackElo "1978"]
[WhiteTeam "Hagener SV"]
[BlackTeam "SC Rochade Emsdetten"]
[PlyCount "74"]
[WhiteFideId "1270509"]
[BlackFideId "12993662"]
[EventCountry "GER"]
[EventRounds "7"]
[EventType "team-swiss"]
[EventDate "2016.12.26"]

1. d4 Nf6 2. Nc3 d5 3. Bf4 c5 4. Qd2 a6 5. e3 cxd4 6. exd4 Nc6 7. f3 e6 8. g4
b5 9. h4 Na5 10. Nh3 Nc4 11. Bxc4 bxc4 12. Qe3 Ra7 13. O-O Be7 14. h5 a5 15.
Qe5 O-O 16. h6 g6 17. Rfe1 Ne8 18. Na4 Qc7 19. Qe3 Qc6 20. b3 Ba6 21. Nf2 Ra8
22. g5 Bb5 23. Nb2 Rc8 24. Ng4 cxb3 25. cxb3 Qc3 26. Rac1 Qxe3+ 27. Bxe3 Nd6
28. f4 Ne4 29. Ne5 Ba3 30. Rxc8 Rxc8 31. Rc1 Rxc1+ 32. Bxc1 Nc3 33. Nbc4 Bxc1
34. Nxa5 Nxa2 35. Nb7 Bxf4 36. Nf3 Be2 37. Ne1 Bxg5  0-1